Challenger Pro League 2025/26 Clubs - Statistieken

Algemene statistieken
  • Deze quiz is 24 keer genomen
  • De gemiddelde score is 15 van 17
Antwoordstatistieken
Foto Antwoord % Correct
Beerschot
95%
Club NXT
95%
Jong Genk
95%
Jong KAA Gent
95%
KAS Eupen
95%
RSCA Futures
95%
KV Kortrijk
90%
Lierse SK
90%
Patro Eisden
85%
Royal Olympic Charleroi
85%
RWDM Brussels
85%
Lommel SK
80%
SK Beveren
80%
RFC Liège
75%
RFC Seraing
75%
Sporting Lokeren
75%
Royal Francs Borains
60%
Geen overeenkomende quizzen gevonden
Scoreverdeling
Procent van Mensen met Elke Score
Percentiel versus Aantal Correcte Antwoorden
Uw Scoregeschiedenis
U heeft deze quiz nog niet genomen